000 00326pab a2200145 454500
008 180718b1983 xxu||||| |||| 00| 0 eng d
100 _aMenon, Appan
245 _aThe press in Latin America
260 _c1983
300 _a351-3
362 _aDec.
650 _aPress - Latin America
773 _aVidura
909 _a16052
999 _c16052
_d16052